1601 1444 1507 1227 1290 1039 2000 1412 1541 1720 1231 1194 1393 1376 1451 1908 1680 1565 1423 1754 1479 1594 1557 1612 1625 1666 1387 1515 1482 1973 1533 1984 1231 1399 1341 1367 1947 1299 1969 1602 1242 1450 1126 1410 1856 1540 1262 1601 1072 1146 1153 1233 1475 1604 1444 1036 1473 1315 1451 1208 1107 1695 1272 1862 1296 1758 1523 1550 1524 1441 1360 1654 1964 1433 1695 1721 1390 1171 1712 1006 1042 1457 1755 1563 1161 1247 1480 1355 1871 1859 1430 1368 1996 1482 1574 1715 1253 1181 1179 BCNSPRNW ULIB Ver.6.0+V

เปลี่ยนเป็นภาษาไทย

Change to English
 แสดงรายละเอียดบรรณานุกรม
  กลับหน้าหลัก

Brief Record : Get Marc (ISO 2709) : E-mail record : QR code < ปิดหน้าต่าง
LEADER : 00000nam 2200000uu 4500
001    13399121469
003     ULIB
008    121120s2551||||th 000 0 tha d
020    ^a9789740596868
050 04 ^aTT890^bศ855ก
100 0  ^aเศรษฐพงศ์ อัปมะเย
245 10 ^aการประดิษฐ์พานรับน้ำ /^cเศรษฐพงศ์ อัปมะเย
250    ^aพิมพ์ครั้งที่ 1
260    ^aกรุงเทพฯ :^bวาดศิลป์,^c2551
300    ^a64 หน้า :^bภาพประกอบ ;^c26 ซม
440  0 ^aโครงการหนังสืออนุรักษ์และส่งเสริมศิลปวัฒนธรรมไทย
650  7 ^aการจัดดอกไม้
650  7 ^aการประดิษฐ์ด้วยใบตอง
650  7 ^aมาลัย
945    ^p160^l0^i16863
995    ^aวิภา
999 ^a ทศพร
รายการนี้ยังไม่มีแท็ก
คุณยังไม่ได้ล็อกอิน คุณสามารถมีกิจกรรมร่วมกับเว็บไซต์ได้ แต่ต้องล็อกอินก่อน ::
  ล็อกอิน

รายการสื่อสารสนเทศ

ลำดับที่ ประเภท เลขเรียก/บาร์โค้ด สถานที่ สถานะ
1. วิทยาศาสตร์การแพทย์ และสุขภาพ
วิทยาศาสตร์การแพทย์ และสุขภาพ
TT890 ศ855ก  
  Barcode: 16863
ห้องสมุดวิทยาเขตสวรรค์ประชารักษ์
►หนังสือทั่วไป
บนชั้น

รายการใกล้เคียง
    ผู้แต่ง [เศรษฐพงศ์ อัปมะเย]

    หัวเรื่อง [การจัดดอกไม้]
    หัวเรื่อง [การประดิษฐ์ด้วยใบตอง]
    หัวเรื่อง [มาลัย]

BibComment


ยังไม่เคยถูกคอมเมนท์

คอมเมนท์ทรัพยากรรายการนี้
  คอมเมนท์: การประดิษฐ์พานรั..


 Copyright 2026. Bcnsprnw @Library